Autodesk Inventor 2013

This innovative new Autodesk Inventor 2013 book focuses on teaching people mastery of Autodesk Inventor 2013 with a 'Learn by Doing' pedagogical framework.

সংরক্ষণ করুন:
গ্রন্থ-পঞ্জীর বিবরন
প্রধান লেখক: Hansen, L. Scott
বিন্যাস: গ্রন্থ
ভাষা:Undetermined
প্রকাশিত: New York McGraw-Hill 2013
বিষয়গুলি:
ট্যাগগুলো: ট্যাগ যুক্ত করুন
কোনো ট্যাগ নেই, প্রথমজন হিসাবে ট্যাগ করুন!
Thư viện lưu trữ: Trung tâm Học liệu Trường Đại học Cần Thơ
LEADER 00724nam a2200205Ia 4500
001 CTU_208007
008 210402s9999 xx 000 0 und d
020 |c 5.92 
082 |a 620.00420285 
082 |b H249 
100 |a Hansen, L. Scott 
245 0 |a Autodesk Inventor 2013 
245 0 |c L. Scott Hansen 
260 |a New York 
260 |b McGraw-Hill 
260 |c 2013 
520 |a This innovative new Autodesk Inventor 2013 book focuses on teaching people mastery of Autodesk Inventor 2013 with a 'Learn by Doing' pedagogical framework. 
650 |a Autodesk Inventor (Electronic resource),Autodesk Inventor (Nguồn điện) 
904 |i Hải 
980 |a Trung tâm Học liệu Trường Đại học Cần Thơ